Paroles - Evidemment - France Gall - Statistiques

Statistiques générales
  • Ce quiz a été pris 645 fois
  • Le résultat moyen est 106 sur 137
Statistiques - réponses
Réponse % Correct
a
98%
À
98%
de
97%
en
97%
Évidemment
97%
comme
96%
Comme
96%
des
96%
On
96%
on
96%
les
93%
pas
92%
Pas
92%
avant
90%
dans
90%
Mais
90%
encore
89%
enfants
89%
Sur
87%
un
87%
qu'on
86%
Qu'on
86%
nous
84%
aimait
83%
tant
83%
accords
82%
danse
82%
Y
81%
Et
80%
Pour
80%
qui
80%
Qui
80%
tout
80%
bêtises
76%
la
76%
rit
76%
goût
73%
amer
71%
ces
71%
que
69%
se
69%
une
68%
partout
67%
ne
66%
poussière
63%
tous
63%
suit
62%
ça
59%
beaucoup
58%
disent
57%
toutes
57%
Plus
56%
quoi
52%
silences
52%
debout
51%
rien
51%
C'est
50%
colère
50%
sert
50%
mots
49%
tiennent
49%
avoue
48%
change
47%
dégoût
46%
courir
45%
questions
43%
cette
41%
dont
41%
fout
40%
n'change
34%
éclaboussure
32%
blessure
30%
garde
30%
boue
28%
fatigue,
28%
batailles
26%
Aucun quiz correspondant
Distribution des résultats
% des personnes avec chaque résultat
Percentile par nombre de réponses
Votre historique - résultats
Vous n’avez pas pris ce quiz